[Event "XXI Festival A"]
[Site "Porto San Giorgio ITA"]
[Date "2009.08.29"]
[Round "9"]
[White "Martorelli, Antonio"]
[Black "Mandolini, Riccardo"]
[Result "1-0"]
[WhiteElo "2225"]
[BlackElo "1977"]
[PlyCount "39"]
[EventDate "2009.08.21"]

1. e4 Nc6 2. d4 e5 3. Nf3 exd4 4. Nxd4 Bc5 5. Nxc6 Qf6 6. Qf3 dxc6 7. Nc3 Be6
8. Be3 Bxe3 9. Qxe3 Qe7 10. O-O-O Nf6 11. f4 O-O 12. h3 b6 13. g4 Rae8 14. Bg2
Nd7 15. e5 Nb8 16. Rhe1 f5 17. exf6 Qxf6 18. Ne4 Qxf4 19. Qxf4 Rxf4 20. Ng5 1-0

[Event "XXI Festival A"]
[Site "Porto San Giorgio ITA"]
[Date "2009.08.29"]
[Round "9"]
[White "Mogranzini, Roberto"]
[Black "Passerotti, Pierluigi"]
[Result "1-0"]
[WhiteElo "2415"]
[BlackElo "2302"]
[PlyCount "103"]
[EventDate "2009.08.21"]

1. e4 e5 2. Nf3 Nc6 3. Bb5 a6 4. Ba4 Nf6 5. Qe2 b5 6. Bb3 Bc5 7. c3 d6 8. d3
O-O 9. O-O Be6 10. Nbd2 Nh5 11. Bxe6 fxe6 12. Nb3 Nf4 13. Bxf4 Rxf4 14. Nxc5
dxc5 15. a4 Rb8 16. axb5 axb5 17. Qe3 Qd6 18. Ra6 Rb6 19. Ra8+ Rf8 20. Rxf8+
Qxf8 21. Ra1 h6 22. h4 Kh7 23. g3 c4 24. Nd2 cxd3 25. Qxd3 Qd6 26. Qe2 Rb8 27.
b4 Rd8 28. Ra2 Qd3 29. Qxd3 Rxd3 30. Rc2 Kg6 31. Kf1 Rd8 32. Nb3 Ra8 33. Nc5
Kf6 34. Rd2 Rd8 35. Rxd8 Nxd8 36. Nd7+ Ke7 37. Nxe5 Nb7 38. Ke2 c5 39. Kd3 Kd6
40. f4 Nd8 41. h5 Nb7 42. Ke2 Nd8 43. Ke3 Nb7 44. Nd3 cxb4 45. cxb4 Nd8 46. Ne5
Kc7 47. Kd4 Kd6 48. g4 Nb7 49. g5 hxg5 50. fxg5 Ke7 51. Nc6+ Kf7 52. Ke5 1-0

[Event "XXI Festival A"]
[Site "Porto San Giorgio ITA"]
[Date "2009.08.29"]
[Round "9"]
[White "Movsziszian, Karen"]
[Black "Kizov, Atanas"]
[Result "1-0"]
[WhiteElo "2570"]
[BlackElo "2397"]
[PlyCount "79"]
[EventDate "2009.08.21"]

1. g3 e5 2. Bg2 Nc6 3. d3 f5 4. Nf3 Nf6 5. O-O d6 6. c4 g6 7. Nc3 Bg7 8. Rb1
O-O 9. b4 h6 10. b5 Ne7 11. a4 Be6 12. Ba3 Qd7 13. Nd2 Rab8 14. c5 Ned5 15.
Nxd5 Nxd5 16. Rc1 Rf7 17. cxd6 cxd6 18. Nc4 Bf8 19. Qd2 Kh7 20. Qa5 b6 21. Qd2
Be7 22. e4 Nf6 23. exf5 Bxf5 24. Ne3 Be6 25. Rc6 Rbf8 26. Qc3 Ne8 27. d4 Bh3
28. dxe5 Bxg2 29. Kxg2 dxe5 30. Bxe7 Qxe7 31. Ng4 Rf5 32. Qe3 Rh5 33. Re1 Qd7
34. Qe4 Rhf5 35. Rxg6 h5 36. Rh6+ Kg7 37. Nxe5 Qd2 38. Rg6+ Kh8 39. Nd3 Ng7 40.
Re2 1-0

[Event "XXI Festival A"]
[Site "Porto San Giorgio ITA"]
[Date "2009.08.29"]
[Round "9"]
[White "Parpinel, Marco"]
[Black "Gianfelici, Edoardo"]
[Result "1-0"]
[WhiteElo "2165"]
[BlackElo "2002"]
[PlyCount "75"]
[EventDate "2009.08.21"]

1. e4 c5 2. a3 e6 3. b4 cxb4 4. axb4 Bxb4 5. Bb2 Nf6 6. e5 Nd5 7. c4 Ne7 8. Na3
O-O 9. Nc2 Ba5 10. Bd3 Nbc6 11. Ra3 Ng6 12. Nh3 Bc7 13. Qh5 Bxe5 14. Ng5 h6 15.
Nxf7 Rxf7 16. Bxg6 Rf6 17. d4 Bd6 18. c5 Bc7 19. O-O d5 20. Ne3 Rf4 21. g3 Rf8
22. h4 Bd7 23. Bb1 Be8 24. Qe2 Ne7 25. Ng2 Qd7 26. h5 Rf6 27. g4 Nc6 28. f4 Bf7
29. g5 hxg5 30. fxg5 Rxf1+ 31. Kxf1 Rf8 32. Kg1 e5 33. dxe5 Qe7 34. Qc2 Rd8 35.
Qh7+ Kf8 36. Qh8+ Bg8 37. Rf3+ Ke8 38. Qxg8+ 1-0

[Event "XXI Festival A"]
[Site "Porto San Giorgio ITA"]
[Date "2009.08.29"]
[Round "9"]
[White "Parrini, Daniele"]
[Black "Mrdja, Milan"]
[Result "1/2-1/2"]
[WhiteElo "2036"]
[BlackElo "2418"]
[PlyCount "42"]
[EventDate "2009.08.21"]

1. e4 c5 2. Nf3 e6 3. d4 cxd4 4. Nxd4 a6 5. Nc3 Qc7 6. g3 Nc6 7. Bg2 Nf6 8. O-O
Be7 9. Be3 d6 10. f4 O-O 11. Nb3 Rb8 12. g4 b5 13. g5 Nd7 14. a3 Re8 15. Qh5 g6
16. Qh6 Bf8 17. Qh4 b4 18. axb4 Nxb4 19. Qf2 Nb6 20. Na5 Bd7 21. Rfc1 Nc4
1/2-1/2

[Event "XXI Festival A"]
[Site "Porto San Giorgio ITA"]
[Date "2009.08.29"]
[Round "9"]
[White "Peredy, Ferenc"]
[Black "Grandinetti, Pietro"]
[Result "1/2-1/2"]
[WhiteElo "2277"]
[BlackElo "2110"]
[PlyCount "41"]
[EventDate "2009.08.21"]

1. e4 c5 2. b4 cxb4 3. a3 Nc6 4. axb4 e5 5. b5 Nce7 6. Ba3 Nf6 7. Nc3 Ng6 8.
Bxf8 Nxf8 9. Bc4 Ng6 10. Nge2 O-O 11. d3 d6 12. O-O Be6 13. Ra4 d5 14. exd5
Nxd5 15. Bxd5 Bxd5 16. Qa1 Qd7 17. Qa3 Rfc8 18. Ra1 h6 19. Qb4 Nf4 20. Nxf4
exf4 21. Nxd5 1/2-1/2

[Event "XXI Festival A"]
[Site "Porto San Giorgio ITA"]
[Date "2009.08.29"]
[Round "9"]
[White "Piantoni, Roberto"]
[Black "Stromboli, Carlo"]
[Result "0-1"]
[WhiteElo "2111"]
[BlackElo "2289"]
[PlyCount "126"]
[EventDate "2009.08.21"]

1. d4 c5 2. dxc5 Qa5+ 3. c3 Qxc5 4. e4 Nf6 5. Bd3 b6 6. Qe2 Bb7 7. Nf3 g6 8.
O-O Bg7 9. a4 O-O 10. Nbd2 Qc7 11. Re1 d6 12. h3 Nc6 13. Nb3 Nd7 14. a5 Nxa5
15. Nxa5 bxa5 16. Ba6 Bxa6 17. Qxa6 Nc5 18. Qxa5 Qb7 19. e5 Nb3 20. Qa6 Qxa6
21. Rxa6 Nc5 22. Ra2 Nd3 23. Rd1 Nxe5 24. Nxe5 Bxe5 25. Rd5 Rfb8 26. Rda5 Kf8
27. f4 Bf6 28. Ra6 Rb7 29. Be3 Ke8 30. Rxa7 Raxa7 31. Bxa7 Kd7 32. Kf2 Ke6 33.
Ke3 g5 34. g3 gxf4+ 35. gxf4 Rb5 36. Kf3 Rh5 37. Kg4 Rd5 38. Be3 h5+ 39. Kf3
Kf5 40. c4 Rd1 41. Ra5+ e5 42. fxe5 Bxe5 43. b4 Rh1 44. b5 Rxh3+ 45. Ke2 Ke4
46. Ba7 Rb3 47. c5 Rb2+ 48. Kf1 Bc3 49. Ra3 Rb1+ 50. Kg2 Rb2+ 51. Kh1 Be5 52.
c6 Rxb5 53. Re3+ Kd5 54. c7 Rb1+ 55. Kg2 Rc1 56. Bb8 Ke6 57. Rh3 Rc2+ 58. Kf1
d5 59. Rxh5 Bxc7 60. Ba7 Be5 61. Rh4 f6 62. Ra4 Kf5 63. Ra5 Ke4 0-1

[Event "XXI Festival A"]
[Site "Porto San Giorgio ITA"]
[Date "2009.08.29"]
[Round "9"]
[White "Rizzo, Giovanbattista"]
[Black "Fierro Baquero, Martha Lorena"]
[Result "0-1"]
[WhiteElo "2108"]
[BlackElo "2394"]
[PlyCount "120"]
[EventDate "2009.08.21"]

1. d4 g6 2. e4 Bg7 3. c4 d6 4. Nc3 Nf6 5. f3 O-O 6. Be3 c6 7. Bd3 a6 8. Nge2 b5
9. Qd2 Nbd7 10. O-O bxc4 11. Bxc4 d5 12. Bb3 Nb6 13. e5 Nfd7 14. f4 e6 15. Rac1
Rb8 16. Rc2 Bb7 17. Nc1 Qe7 18. Na4 f6 19. Nxb6 Nxb6 20. Nd3 Nd7 21. Qb4 Qf7
22. Rff2 Rfc8 23. Qa5 Bf8 24. Bd2 Be7 25. Bb4 Bd8 26. Qa3 a5 27. Bd6 Ra8 28.
Ba4 Nb6 29. Nc5 Nc4 30. Qh3 f5 31. Rf1 Ba6 32. Rfc1 Bb5 33. Bxb5 cxb5 34. b3
Na3 35. Re2 b4 36. Qd3 Qe8 37. h3 Nb5 38. g4 Nc3 39. Rec2 Qf7 40. gxf5 gxf5 41.
Na4 Kh8 42. Nxc3 Rxc3 43. Rxc3 bxc3 44. Rxc3 Bh4 45. Rc2 Rg8+ 46. Rg2 Rxg2+ 47.
Kxg2 Qg6+ 48. Kf1 Bg3 49. Qc3 Bxf4 50. Qxa5 Qe8 51. a4 Bg5 52. Qa7 Bd8 53. Qb8
Kg7 54. Qb5 Qf7 55. a5 Kh6 56. b4 f4 57. Qc5 Qf5 58. Qc3 f3 59. Qd2+ Bg5 60.
Qf2 Qd3+ 0-1

[Event "XXI Festival A"]
[Site "Porto San Giorgio ITA"]
[Date "2009.08.29"]
[Round "9"]
[White "Roeder, Matthias"]
[Black "Calavalle, Giulio"]
[Result "0-1"]
[WhiteElo "2438"]
[BlackElo "2228"]
[PlyCount "49"]
[EventDate "2009.08.21"]

1. Nf3 c5 2. g3 Nc6 3. Bg2 d6 4. b3 e5 5. d3 Bg4 6. Bb2 Be7 7. Nbd2 h5 8. O-O
h4 9. c4 Qd7 10. Re1 Bh3 11. e3 Bxg2 12. Kxg2 hxg3 13. fxg3 Qh3+ 14. Kg1 g5 15.
Nf1 g4 16. N3d2 f5 17. a3 Nf6 18. Bc3 O-O-O 19. Qc2 Nh5 20. b4 Nxg3 21. hxg3
Qh1+ 22. Kf2 Rh2+ 23. Nxh2 Qxh2+ 24. Kf1 Rh8 25. b5 0-1

[Event "XXI Festival A"]
[Site "Porto San Giorgio ITA"]
[Date "2009.08.29"]
[Round "9"]
[White "Ruggeri, Pietro"]
[Black "Altini, Daniele"]
[Result "0-1"]
[WhiteElo "2097"]
[BlackElo "2236"]
[PlyCount "68"]
[EventDate "2009.08.21"]

1. d4 d6 2. e4 Nf6 3. Nc3 g6 4. Bc4 Bg7 5. Qe2 c6 6. Nf3 b5 7. Bb3 b4 8. Na4
Ba6 9. Qe3 h5 10. Ng5 O-O 11. f3 Nbd7 12. Bd2 Rc8 13. Bxb4 c5 14. dxc5 dxc5 15.
Bxf7+ Rxf7 16. Ne6 Qe8 17. Bc3 Bc4 18. Naxc5 Nxc5 19. Nxc5 Kh7 20. Nd3 Bxd3 21.
cxd3 e6 22. O-O Qb5 23. a4 Qa6 24. a5 Bh6 25. Qd4 Nd7 26. f4 Nc5 27. Rad1 Rd7
28. Qf6 Rf8 29. Qh4 Nxd3 30. f5 Be3+ 31. Kh1 Nf2+ 32. Qxf2 Rxd1 33. fxg6+ Kxg6
34. Qg3+ Bg5 0-1

[Event "XXI Festival A"]
[Site "Porto San Giorgio ITA"]
[Date "2009.08.29"]
[Round "9"]
[White "Suppa, Ercole"]
[Black "Stromboli, Ettore"]
[Result "1/2-1/2"]
[WhiteElo "2100"]
[BlackElo "2272"]
[PlyCount "51"]
[EventDate "2009.08.21"]

1. e4 e6 2. d4 d5 3. e5 c5 4. c3 Nc6 5. Be3 Qb6 6. Qd2 cxd4 7. cxd4 Bd7 8. Nf3
Rc8 9. Nc3 Bb4 10. Rc1 Na5 11. Bd3 Nc4 12. Bxc4 Rxc4 13. O-O Bb5 14. Rfd1 Ne7
15. a3 Bxc3 16. Rxc3 O-O 17. Rdc1 Rfc8 18. b3 R4c6 19. Rxc6 Rxc6 20. Qb4 Rxc1+
21. Bxc1 Qc7 22. Qc5 Bc6 23. Bd2 b6 24. Qd6 Qxd6 25. exd6 Ng6 26. Ne5 1/2-1/2

[Event "XXI Festival A"]
[Site "Porto San Giorgio ITA"]
[Date "2009.08.29"]
[Round "9"]
[White "Vezzani, Stefano"]
[Black "Vuelban, Virgilio"]
[Result "0-1"]
[WhiteElo "2170"]
[BlackElo "2404"]
[PlyCount "72"]
[EventDate "2009.08.21"]

1. e4 c5 2. c4 Nc6 3. Nc3 g6 4. g3 Bg7 5. Bg2 d6 6. Nge2 Nf6 7. O-O O-O 8. Rb1
Ne8 9. d3 Nc7 10. a3 a5 11. f4 Rb8 12. a4 b6 13. Be3 Ne6 14. f5 Ned4 15. g4 e6
16. Ng3 Ne5 17. fxg6 fxg6 18. g5 Bd7 19. Rxf8+ Qxf8 20. Bxd4 cxd4 21. Nb5 Bxb5
22. cxb5 Qf4 23. Qb3 Qe3+ 24. Kh1 Nxd3 25. Qxe6+ Kh8 26. Rf1 Nf2+ 27. Rxf2 Qxf2
28. Qxd6 Rc8 29. h4 Qe1+ 30. Kh2 Re8 31. Qd7 Rf8 32. Qd6 Qe3 33. b4 d3 34. bxa5
d2 35. Nf1 Qc3 36. Qxd2 Be5+ 0-1

[Event "XXI Festival B"]
[Site "Porto San Giorgio ITA"]
[Date "2009.08.23"]
[Round "3"]
[White "Maltempi, Angelo"]
[Black "Pescatore, Lorenzo"]
[Result "0-1"]
[WhiteElo "1808"]
[BlackElo "1855"]
[PlyCount "64"]
[EventDate "2009.08.21"]

1. c4 e5 2. Nc3 Nc6 3. g3 g6 4. Bg2 Bg7 5. d3 d6 6. e4 Nge7 7. Nge2 O-O 8. O-O
f5 9. f4 Be6 10. Rb1 a5 11. a3 Qd7 12. Re1 fxe4 13. Nxe4 Bg4 14. Nf2 Be6 15.
Be3 d5 16. c5 d4 17. Bc1 a4 18. Bd2 Nd5 19. fxe5 Nxe5 20. Nxd4 Rxf2 21. Nxe6
Rxg2+ 22. Kxg2 Qxe6 23. d4 Qc6 24. Kg1 Nd3 25. Re4 Nc3 26. bxc3 Qxe4 27. Bf4
Nxf4 28. gxf4 Bh6 29. Qf1 Bxf4 30. Qc4+ Kg7 31. Rb2 Be3+ 32. Kf1 Rf8+ 0-1

[Event "XXXVII C.to Italiano ASCI"]
[Site "Rimini ITA"]
[Date "2009.08.29"]
[Round "1"]
[White "Casadei, Marco"]
[Black "Antonini, Franco"]
[Result "0-1"]
[WhiteElo "1701"]
[BlackElo "2140"]
[PlyCount "76"]
[EventDate "2009.08.29"]

1. e4 e6 2. d4 d5 3. e5 c5 4. c3 Nc6 5. Nf3 Qb6 6. a3 a5 7. Be2 a4 8. g4 Na5 9.
Qxa4+ Bd7 10. Qc2 Nb3 11. Ra2 Ba4 12. dxc5 Bxc5 13. O-O Nd4 14. Qd2 Nxe2+ 15.
Qxe2 Bb5 16. Qe1 Bxf1 17. Qxf1 Qb3 18. Ra1 Ne7 19. Nbd2 Qa4 20. b4 Bb6 21. Bb2
O-O 22. Nd4 Bxd4 23. cxd4 Qc2 24. Qc1 Qg6 25. h3 Rac8 26. Qd1 f5 27. f3 fxg4
28. hxg4 Rc2 29. Bc1 h5 30. Nf1 hxg4 31. fxg4 Rff2 32. Bd2 Rf7 33. Rc1 Rxc1 34.
Bxc1 Qe4 35. Ng3 Qb1 36. Qd2 Nc6 37. Ne2 Qe4 38. g5 Qg4+ 0-1

[Event "XXXVII C.to Italiano ASCI"]
[Site "Rimini ITA"]
[Date "2009.08.29"]
[Round "1"]
[White "Kowalczyk, Martin"]
[Black "Papa, Pasquale"]
[Result "1-0"]
[WhiteElo "2053"]
[BlackElo "1694"]
[PlyCount "43"]
[EventDate "2009.08.29"]

1. e4 d5 2. exd5 Qxd5 3. Nc3 Qa5 4. d4 Nf6 5. Nf3 Bg4 6. h3 Bxf3 7. Qxf3 c6 8.
Bd2 Qb6 9. O-O-O e6 10. Be3 Nd5 11. Nxd5 cxd5 12. Rd3 Nc6 13. Rb3 Qc7 14. Bf4
Qc8 15. Bb5 a6 16. Bxc6+ Qxc6 17. Rc3 Qb6 18. Be5 Qd8 19. Rc7 Qg5+ 20. Kb1 f6
21. Re1 Rd8 22. Bf4 1-0

[Event "XXXVII C.to Italiano ASCI"]
[Site "Rimini ITA"]
[Date "2009.08.30"]
[Round "2"]
[White "Antonini, Franco"]
[Black "Pugliese, Giuseppe"]
[Result "1-0"]
[WhiteElo "2140"]
[BlackElo "1800"]
[PlyCount "71"]
[EventDate "2009.08.29"]

1. e4 c5 2. Nc3 Nc6 3. g3 d6 4. Bg2 g6 5. d3 Bg7 6. Be3 Nf6 7. h3 O-O 8. Qd2
Nd4 9. Nce2 Nxe2 10. Nxe2 e5 11. O-O Bd7 12. f4 Bh6 13. fxe5 Bxe3+ 14. Qxe3 Nh5
15. g4 Ng7 16. exd6 Qb6 17. b3 Qxd6 18. a4 Rae8 19. Qd2 Bc6 20. Rad1 Qe5 21.
Rde1 Ne6 22. Qe3 Nd4 23. Qd2 Ne6 24. Nc3 Rd8 25. Nd5 Qd4+ 26. Qf2 Qxf2+ 27.
Rxf2 Bxd5 28. exd5 Nc7 29. Re7 Nxd5 30. Bxd5 Rxd5 31. Rxb7 f5 32. Rxa7 Re5 33.
gxf5 Re3 34. fxg6 Rxf2 35. Kxf2 Rxh3 36. Rxh7 1-0

[Event "XXXVII C.to Italiano ASCI"]
[Site "Rimini ITA"]
[Date "2009.08.30"]
[Round "2"]
[White "Gasperoni, Claudio"]
[Black "Kowalczyk, Martin"]
[Result "1-0"]
[WhiteElo "1777"]
[BlackElo "2053"]
[PlyCount "23"]
[EventDate "2009.08.29"]

1. d4 Nf6 2. Nf3 c5 3. d5 e6 4. Nc3 exd5 5. Nxd5 Nxd5 6. Qxd5 Be7 7. Bg5 O-O 8.
O-O-O Bxg5+ 9. Nxg5 Qa5 10. e3 h6 11. Nxf7 Rxf7 12. Bc4 1-0

[Event "XXXVII C.to Italiano ASCI"]
[Site "Rimini ITA"]
[Date "2009.08.31"]
[Round "3"]
[White "Fratini, Mauro"]
[Black "Gasperoni, Claudio"]
[Result "0-1"]
[WhiteElo "1891"]
[BlackElo "1777"]
[PlyCount "86"]
[EventDate "2009.08.29"]

1. d4 d5 2. Bf4 Nf6 3. e3 c5 4. c3 Qb6 5. Qb3 c4 6. Qxb6 axb6 7. Nd2 Bf5 8.
Ngf3 h6 9. h3 e6 10. Be2 Nc6 11. O-O b5 12. a3 Be7 13. Bg3 O-O 14. Nh2 Ne4 15.
Nxe4 Bxe4 16. Rfe1 Na5 17. f3 Bg6 18. Nf1 Nb3 19. Ra2 b4 20. a4 b5 21. e4 Rfe8
22. exd5 bxc3 23. bxc3 exd5 24. Ne3 Bh4 25. Bxh4 Rxe3 26. Bf2 Rxc3 27. f4 Rxa4
28. Rb2 Rc2 29. Rxc2 Bxc2 30. Bf3 c3 31. Bxd5 Nxd4 32. Re8+ Kh7 33. Bxf7 Bb3
34. Bxb3 Nxb3 35. Be3 Ra1+ 36. Kf2 c2 37. Rb8 Nd4 38. Rd8 Nc6 39. Rd5 b4 40.
Rc5 b3 41. Rb5 Nd4 42. Rb7 Nf5 43. Bd2 Rd1 0-1

[Event "XXXVII C.to Italiano ASCI"]
[Site "Rimini ITA"]
[Date "2009.08.31"]
[Round "3"]
[White "Vrioni, Bersan"]
[Black "Antonini, Franco"]
[Result "0-1"]
[WhiteElo "1755"]
[BlackElo "2140"]
[PlyCount "48"]
[EventDate "2009.08.29"]

1. d4 d5 2. c4 Nc6 3. Nc3 dxc4 4. d5 Ne5 5. Bf4 Ng6 6. Bg3 a6 7. e4 b5 8. a4
Bd7 9. axb5 axb5 10. Rxa8 Qxa8 11. Bxc7 Qb7 12. d6 exd6 13. Bxd6 Bxd6 14. Qxd6
N8e7 15. Nf3 O-O 16. Be2 Bc6 17. Nd2 b4 18. Nd1 Bxe4 19. f3 Nf5 20. Qc5 Rc8 21.
Qf2 Bd5 22. g4 Nd6 23. Nb1 Re8 24. O-O Nf4 0-1

[Event "XXXVII C.to Italiano ASCI"]
[Site "Rimini ITA"]
[Date "2009.08.31"]
[Round "4"]
[White "Antonini, Franco"]
[Black "Gasperoni, Claudio"]
[Result "1-0"]
[WhiteElo "2140"]
[BlackElo "1777"]
[PlyCount "45"]
[EventDate "2009.08.29"]

1. e4 d6 2. d4 Nf6 3. Bd3 e5 4. c3 Nc6 5. Ne2 Be7 6. O-O O-O 7. a3 Bg4 8. f3
Bh5 9. Be3 Ne8 10. Ng3 Bg6 11. d5 Nb8 12. Qc2 Nd7 13. b4 Bg5 14. Bf2 Nef6 15.
c4 a5 16. Nc3 Nh5 17. Nxh5 Bxh5 18. c5 axb4 19. axb4 Be7 20. Nb5 h6 21. Rxa8
Qxa8 22. Nxc7 Qa3 23. c6 1-0

[Event "XXXVII C.to Italiano ASCI"]
[Site "Rimini ITA"]
[Date "2009.08.31"]
[Round "4"]
[White "Kowalczyk, Martin"]
[Black "Melle, Ezio"]
[Result "1-0"]
[WhiteElo "2053"]
[BlackElo "1705"]
[PlyCount "27"]
[EventDate "2009.08.29"]

1. e4 c5 2. Nf3 e6 3. b3 d6 4. Bb2 Nf6 5. e5 dxe5 6. Nxe5 Nbd7 7. f4 Be7 8. Bd3
O-O 9. O-O Ne8 10. Rf3 Bf6 11. Bxh7+ Kh8 12. Rh3 g6 13. Bxg6+ Kg7 14. Qh5 1-0

[Event "XXXVII C.to Italiano ASCI"]
[Site "Rimini ITA"]
[Date "2009.09.01"]
[Round "5"]
[White "Antonini, Franco"]
[Black "Kowalczyk, Martin"]
[Result "1-0"]
[WhiteElo "2140"]
[BlackElo "2053"]
[PlyCount "107"]
[EventDate "2009.08.29"]

1. e4 c6 2. d4 d5 3. Nc3 dxe4 4. Nxe4 Nd7 5. Nf3 Ngf6 6. Ng3 e6 7. Bd3 c5 8.
O-O cxd4 9. Nxd4 Bc5 10. Be3 O-O 11. Nh5 Qb6 12. Nxf6+ Nxf6 13. b4 Bxd4 14.
Bxd4 Qxb4 15. Bxf6 gxf6 16. Qh5 f5 17. Qg5+ Kh8 18. Qf6+ Kg8 19. Rae1 Qg4 20.
Re3 f4 21. Bxh7+ Kxh7 22. Rh3+ Qxh3 23. gxh3 Bd7 24. Qh4+ Kg7 25. Qg5+ Kh7 26.
Qh5+ Kg7 27. f3 Rh8 28. Qg4+ Kf8 29. Qxf4 Bc6 30. h4 Rd8 31. Kf2 Rh5 32. Qb4+
Ke8 33. Rg1 Rf5 34. Rg8+ Kd7 35. Qd4+ Rd5 36. Rxd8+ Kxd8 37. Qh8+ Ke7 38. Ke3
Rd1 39. Qg7 Rf1 40. Qg5+ Ke8 41. f4 Rf3+ 42. Kd4 Rh3 43. Ke5 Rxh2 44. Kf6 Rg2
45. Qh5 Rg6+ 46. Ke5 Ke7 47. f5 exf5 48. Qxf5 Rd6 49. Qf2 a6 50. h5 Rd5+ 51.
Kf4 Kf6 52. Qh4+ Kg7 53. h6+ Kh7 54. Qf6 1-0

[Event "XXXVII C.to Italiano ASCI"]
[Site "Rimini ITA"]
[Date "2009.09.01"]
[Round "5"]
[White "Gasperoni, Claudio"]
[Black "Vaccani, Mario"]
[Result "1-0"]
[WhiteElo "1777"]
[BlackElo "1807"]
[PlyCount "47"]
[EventDate "2009.08.29"]

1. d4 Nf6 2. Nf3 d5 3. c4 g6 4. Nc3 Bg7 5. Bg5 O-O 6. Bxf6 Bxf6 7. cxd5 c6 8.
dxc6 Nxc6 9. e3 a6 10. Be2 b5 11. O-O Bb7 12. Ne4 Bg7 13. Nc5 Bc8 14. a4 bxa4
15. Rxa4 Qb6 16. Qa1 a5 17. Rc1 e5 18. d5 e4 19. Nxe4 Nb4 20. Nc3 Bxc3 21. bxc3
Nxd5 22. c4 Nb4 23. c5 Qc7 24. Rxb4 1-0

[Event "XXXVII C.to Italiano ASCI"]
[Site "Rimini ITA"]
[Date "2009.09.02"]
[Round "6"]
[White "Gasperoni, Claudio"]
[Black "Vrioni, Bersan"]
[Result "1/2-1/2"]
[WhiteElo "1777"]
[BlackElo "1755"]
[PlyCount "27"]
[EventDate "2009.08.29"]

1. d4 d5 2. c4 e6 3. Nc3 Nf6 4. Bg5 Be7 5. e3 O-O 6. Nf3 b6 7. cxd5 Nxd5 8.
Nxd5 exd5 9. Bxe7 Qxe7 10. Qc2 Na6 11. a3 c5 12. Qa4 Nc7 13. dxc5 bxc5 14. Qh4
1/2-1/2

[Event "XXXVII C.to Italiano ASCI"]
[Site "Rimini ITA"]
[Date "2009.09.02"]
[Round "6"]
[White "Vaccani, Mario"]
[Black "Antonini, Franco"]
[Result "0-1"]
[WhiteElo "1807"]
[BlackElo "2140"]
[PlyCount "46"]
[EventDate "2009.08.29"]

1. b3 e5 2. Bb2 Nc6 3. e3 d6 4. Bb5 Bd7 5. Nf3 Nf6 6. O-O Be7 7. d3 O-O 8. Nbd2
Bg4 9. h3 Be6 10. d4 exd4 11. Nxd4 Nxd4 12. exd4 d5 13. Be2 Bd6 14. c4 c6 15.
Nf3 Nh5 16. Ne5 Nf4 17. Re1 Qg5 18. Bg4 f5 19. Nf3 Qh6 20. Rxe6 Nxe6 21. Bc1
Bf4 22. cxd5 cxd5 23. Bxf4 Nxf4 0-1

[Event "XXXVII C.to Italiano ASCI"]
[Site "Rimini ITA"]
[Date "2009.09.03"]
[Round "7"]
[White "Antonini, Franco"]
[Black "Melle, Ezio"]
[Result "1-0"]
[WhiteElo "2140"]
[BlackElo "1705"]
[PlyCount "55"]
[EventDate "2009.08.29"]

1. e4 e5 2. Nf3 Nf6 3. d4 exd4 4. e5 Bb4+ 5. c3 dxc3 6. bxc3 Ba5 7. exf6 Qxf6
8. Qc2 O-O 9. Bd3 Re8+ 10. Be3 h6 11. O-O c6 12. Bd4 Qd8 13. Nbd2 d5 14. Rfe1
Be6 15. Ne5 Nd7 16. f4 Nxe5 17. fxe5 Bb6 18. Bh7+ Kh8 19. Bf5 Bxd4+ 20. cxd4
Qb6 21. Nf3 Rac8 22. Bxe6 Rxe6 23. Qf5 Rce8 24. Qxf7 R6e7 25. Qf6 c5 26. Nh4
cxd4 27. Ng6+ Kg8 28. Nxe7+ 1-0

[Event "XXXVII C.to Italiano ASCI"]
[Site "Rimini ITA"]
[Date "2009.09.03"]
[Round "7"]
[White "Casadei, Marco"]
[Black "Gasperoni, Claudio"]
[Result "1/2-1/2"]
[WhiteElo "1701"]
[BlackElo "1777"]
[PlyCount "29"]
[EventDate "2009.08.29"]

1. e4 d6 2. d4 Nf6 3. Nc3 e5 4. dxe5 dxe5 5. Qxd8+ Kxd8 6. Nf3 Bd6 7. Bg5 c6 8.
O-O-O Ke7 9. Bc4 Be6 10. Bxe6 fxe6 11. Rd2 h6 12. Bh4 g5 13. Bg3 Nbd7 14. Rhd1
Bc7 15. Ne1 1/2-1/2

[Event "XXXVII C.to Italiano ASCI"]
[Site "Rimini ITA"]
[Date "2009.09.04"]
[Round "8"]
[White "Murgia, Stefano"]
[Black "Antonini, Franco"]
[Result "0-1"]
[WhiteElo "2000"]
[BlackElo "2140"]
[PlyCount "40"]
[EventDate "2009.08.29"]

1. e4 e6 2. d4 d5 3. Nc3 Bb4 4. e5 c5 5. a3 cxd4 6. axb4 dxc3 7. bxc3 Ne7 8.
Nf3 Qc7 9. Bd3 Nd7 10. Bb2 Nxe5 11. O-O Nxd3 12. cxd3 O-O 13. Qe2 Ng6 14. c4 f6
15. Rac1 dxc4 16. Rxc4 Qd7 17. Rfc1 e5 18. Rc7 Nf4 19. Qe4 Qg4 20. Kh1 Qxg2#
0-1

[Event "LI Festival A"]
[Site "Imperia ITA"]
[Date "2009.08.30"]
[Round "1"]
[White "Arlandi, Ennio"]
[Black "Pepino, Enrico"]
[WhiteElo "2426"]
[BlackElo "2110"]
[Result "1-0"]
[PlyCount "77"]
[EventDate "2009.08.30"]

1. d4 Nf6 2. c4 g6 3. Nc3 Bg7 4. e4 d6 5. Nf3 O-O 6. Be2 e5 7. O-O Nc6 8. d5
Ne7 9. Nd2 a5 10. a3 Nd7 11. Rb1 f5 12. b4 Nf6 13. f3 Bh6 14. Nb3 Bxc1 15. Qxc1
axb4 16. axb4 Nh5 17. g3 Kg7 18. exf5 Bxf5 19. Ra1 Bh3 20. Rxa8 Qxa8 21. Rf2
Ng8 22. Bd1 Qe8 23. Qe3 Ngf6 24. Nd2 Qa8 25. Ndb1 e4 26. fxe4 Nd7 27. Bxh5 Rxf2
28. Kxf2 gxh5 29. Qg5+ Kh8 30. Qxh5 Qf8+ 31. Qf3 Qh6 32. Qf4 Qg7 33. Ne2 Ne5
34. Qh4 Ng4+ 35. Ke1 Qb2 36. Nbc3 Qa1+ 37. Nd1 Ne3 38. Qd8+ Kg7 39. Qg5+ 1-0

[Event "LI Festival A"]
[Site "Imperia ITA"]
[Date "2009.08.30"]
[Round "1"]
[White "Barletta, Mauro"]
[Black "Dritsakos, Alessio"]
[WhiteElo "2191"]
[BlackElo "1920"]
[Result "1-0"]
[PlyCount "49"]
[EventDate "2009.08.30"]

1. e4 e5 2. Nf3 Nc6 3. Bc4 Nf6 4. d4 exd4 5. O-O Be7 6. e5 Ne4 7. Bd5 Nc5 8.
Nxd4 Nxd4 9. Qxd4 O-O 10. Nc3 d6 11. Bf4 Be6 12. Rad1 Bxd5 13. Nxd5 Ne6 14. Qc4
Nxf4 15. Nxf4 c6 16. Nh5 g6 17. Qg4 Kh8 18. Nf4 d5 19. c4 d4 20. Rxd4 Qa5 21.
e6 Bc5 22. Rd7 fxe6 23. Qh4 Bxf2+ 24. Qxf2 e5 25. Nxg6+ 1-0

[Event "LI Festival A"]
[Site "Imperia ITA"]
[Date "2009.08.30"]
[Round "1"]
[White "Borsos, Bogdan"]
[Black "Di Lascio, Savino"]
[WhiteElo "2289"]
[BlackElo "2012"]
[Result "1-0"]
[PlyCount "71"]
[EventDate "2009.08.30"]

1. e4 c6 2. d4 d5 3. exd5 cxd5 4. c4 Nf6 5. Nc3 Nc6 6. Nf3 e6 7. Bd3 Be7 8. a3
b6 9. cxd5 Nxd5 10. O-O Nxc3 11. bxc3 Bb7 12. Re1 h6 13. Qe2 Rc8 14. Bb2 Bf6
15. Rad1 Ne7 16. Bb5+ Kf8 17. c4 a6 18. Ba4 Qc7 19. Rc1 Qf4 20. d5 Bxb2 21.
Qxb2 Rxc4 22. Qxb6 Kg8 23. Rxc4 Qxc4 24. Qxb7 Nxd5 25. Bb3 Qd3 26. Bxd5 exd5
27. Ne5 Qf5 28. Qxd5 Kh7 29. Qxf7 Rf8 30. Qxf5+ Rxf5 31. Re4 g5 32. h3 Kg7 33.
g4 Rf8 34. Ra4 Re8 35. Nc6 Ra8 36. Ra5 1-0

[Event "LI Festival A"]
[Site "Imperia ITA"]
[Date "2009.08.30"]
[Round "1"]
[White "Brunner, Werner"]
[Black "Mazzetta, Renato"]
[WhiteElo "2178"]
[BlackElo "1911"]
[Result "1-0"]
[PlyCount "49"]
[EventDate "2009.08.30"]

1. d4 d5 2. Bg5 Nf6 3. e3 e6 4. Nd2 Nbd7 5. Ngf3 Be7 6. Bd3 c5 7. c3 b6 8. O-O
Bb7 9. Ne5 Nxe5 10. dxe5 Nd7 11. Bxe7 Qxe7 12. f4 f5 13. exf6 Nxf6 14. Bb5+ Kf7
15. Nf3 Rhf8 16. Bd3 Kg8 17. Qe1 Rad8 18. Qh4 g6 19. Rad1 Rf7 20. Qh6 Bc8 21.
Ne5 Rg7 22. Nc6 Qd6 23. Nxd8 Qxd8 24. Qh4 Rf7 25. e4 1-0